[Event "DEM U10 2025"]
[Site "Willingen GER"]
[Date "2025.06.14"]
[Round "9"]
[White "Leja, Luis"]
[Black "Schimming, Wilhelm"]
[Result "1/2-1/2"]
[Termination "normal"]
[Board "27"]
[WhiteElo "1344"]
[BlackElo "1639"]
[WhiteClock "00:37:20"]
[BlackClock "00:39:56"]
[PlyCount "78"]
[WhiteFideId "34699813"]
[BlackFideId "34662030"]
[EventCountry "GER"]
[EventRounds "9"]
[EventType "swiss"]
[EventDate "2025.06.07"]

1. e4 {[%clk 01:30:59]} {[%emt 20:09:57]} e5 {[%clk 01:30:51]} {[%emt
00:00:10]} 2. Nc3 {[%clk 01:31:22]} {[%emt 00:00:07]} Nf6 {[%clk 01:31:17]}
{[%emt 00:00:04]} 3. f4 {[%clk 01:31:46]} {[%emt 00:00:06]} d5 {[%clk
01:31:44]} {[%emt 00:00:03]} 4. fxe5 {[%clk 01:32:06]} {[%emt 00:00:09]} Nxe4
{[%clk 01:32:08]} {[%emt 00:00:06]} 5. Qf3 {[%clk 01:32:25]} {[%emt 00:00:11]}
Nxc3 {[%clk 01:32:32]} {[%emt 00:00:07]} 6. bxc3 {[%clk 01:32:47]} {[%emt
00:00:08]} c5 {[%clk 01:32:55]} {[%emt 00:00:08]} 7. Qg3 {[%clk 01:33:07]}
{[%emt 00:00:09]} a6 {[%clk 01:33:06]} {[%emt 00:00:19]} 8. Be2 {[%clk
01:33:04]} {[%emt 00:00:33]} Nc6 {[%clk 01:26:34]} {[%emt 00:07:03]} 9. Nf3
{[%clk 01:33:23]} {[%emt 00:00:11]} h6 {[%clk 01:23:01]} {[%emt 00:04:03]} 10.
O-O {[%clk 01:33:22]} {[%emt 00:00:30]} Be6 {[%clk 01:20:17]} {[%emt 00:03:14]}
11. d4 {[%clk 01:23:27]} {[%emt 00:10:25]} Qa5 {[%clk 01:16:06]} {[%emt
00:04:41]} 12. Bd2 {[%clk 01:21:14]} {[%emt 00:02:42]} c4 {[%clk 01:12:57]}
{[%emt 00:03:39]} 13. Qh4 {[%clk 01:18:46]} {[%emt 00:02:58]} Be7 {[%clk
01:12:24]} {[%emt 00:01:03]} 14. Qg3 {[%clk 01:14:28]} {[%emt 00:04:47]} O-O-O
{[%clk 01:12:14]} {[%emt 00:00:41]} 15. Rfd1 {[%clk 01:08:26]} {[%emt
00:06:32]} Qa4 {[%clk 01:07:39]} {[%emt 00:05:05]} 16. Rdc1 {[%clk 01:05:40]}
{[%emt 00:03:16]} Rdg8 {[%clk 01:05:29]} {[%emt 00:02:40]} 17. Rab1 {[%clk
00:58:29]} {[%emt 00:07:40]} Ba3 {[%clk 01:04:59]} {[%emt 00:01:00]} 18. Rf1
{[%clk 00:56:37]} {[%emt 00:02:22]} Qxc2 {[%clk 01:04:17]} {[%emt 00:01:12]}
19. Qf4 {[%clk 00:54:41]} {[%emt 00:02:27]} Qf5 {[%clk 01:01:32]} {[%emt
00:03:15]} 20. Qxf5 {[%clk 00:54:24]} {[%emt 00:00:46]} Bxf5 {[%clk 01:00:55]}
{[%emt 00:01:06]} 21. Nh4 {[%clk 00:54:09]} {[%emt 00:00:46]} Bxb1 {[%clk
00:59:52]} {[%emt 00:01:33]} 22. Rxb1 {[%clk 00:53:34]} {[%emt 00:01:05]} b5
{[%clk 00:57:14]} {[%emt 00:03:07]} 23. Rf1 {[%clk 00:52:49]} {[%emt 00:01:15]}
Rf8 {[%clk 00:56:46]} {[%emt 00:00:59]} 24. Nf5 {[%clk 00:50:43]} {[%emt
00:02:35]} g5 {[%clk 00:54:18]} {[%emt 00:02:58]} 25. Bf3 {[%clk 00:50:40]}
{[%emt 00:00:33]} Rd8 {[%clk 00:50:43]} {[%emt 00:04:04]} 26. Bg4 {[%clk
00:48:14]} {[%emt 00:02:57]} Kc7 {[%clk 00:49:08]} {[%emt 00:02:06]} 27. Nxh6
{[%clk 00:45:01]} {[%emt 00:03:43]} Rxh6 {[%clk 00:44:42]} {[%emt 00:04:56]}
28. Rxf7+ {[%clk 00:45:13]} {[%emt 00:00:17]} Be7 {[%clk 00:42:31]} {[%emt
00:02:41]} 29. Bxg5 {[%clk 00:45:19]} {[%emt 00:00:24]} Rg6 {[%clk 00:40:55]}
{[%emt 00:02:05]} 30. Bxe7 {[%clk 00:45:41]} {[%emt 00:00:08]} Nxe7 {[%clk
00:40:44]} {[%emt 00:00:42]} 31. Rxe7+ {[%clk 00:46:02]} {[%emt 00:00:08]} Kc6
{[%clk 00:40:43]} {[%emt 00:00:31]} 32. Bd1 {[%clk 00:45:51]} {[%emt 00:00:41]}
Rd7 {[%clk 00:40:41]} {[%emt 00:00:32]} 33. Rxd7 {[%clk 00:37:45]} {[%emt
00:08:35]} Kxd7 {[%clk 00:41:10]} {[%emt 00:00:02]} 34. a3 {[%clk 00:38:05]}
{[%emt 00:00:10]} a5 {[%clk 00:39:42]} {[%emt 00:01:59]} 35. g3 {[%clk
00:36:58]} {[%emt 00:01:36]} b4 {[%clk 00:39:52]} {[%emt 00:00:20]} 36. axb4
{[%clk 00:36:51]} {[%emt 00:00:37]} axb4 {[%clk 00:40:08]} {[%emt 00:00:15]}
37. cxb4 {[%clk 00:36:56]} {[%emt 00:00:24]} c3 {[%clk 00:40:27]} {[%emt
00:00:10]} 38. Kf2 {[%clk 00:37:12]} {[%emt 00:00:15]} Rc6 {[%clk 00:40:51]}
{[%emt 00:00:07]} 39. Bc2 {[%clk 00:37:20]} {[%emt 00:00:21]} Rc4 {[%clk
00:39:56]} {[%emt 00:01:25]} 1/2-1/2

[Event "DEM U10 2025"]
[Site "Willingen GER"]
[Date "2025.06.14"]
[Round "9"]
[White "Hou, Minmu"]
[Black "Winkens, Jonathan"]
[Result "1-0"]
[Termination "normal"]
[Board "28"]
[WhiteElo "1355"]
[BlackElo "1406"]
[WhiteClock "00:29:51"]
[BlackClock "00:50:49"]
[PlyCount "87"]
[WhiteFideId "533041490"]
[BlackFideId "533019703"]
[EventCountry "GER"]
[EventRounds "9"]
[EventType "swiss"]
[EventDate "2025.06.07"]

1. e4 {[%clk 01:30:58]} {[%emt 00:00:02]} e5 {[%clk 01:30:24]} {[%emt
00:00:35]} 2. Nf3 {[%clk 01:31:19]} {[%emt 00:00:10]} Nc6 {[%clk 01:30:25]}
{[%emt 00:00:29]} 3. Bc4 {[%clk 01:31:27]} {[%emt 00:00:23]} Nf6 {[%clk
01:30:10]} {[%emt 00:00:43]} 4. d3 {[%clk 01:31:44]} {[%emt 00:00:15]} Bc5
{[%clk 01:30:08]} {[%emt 00:00:31]} 5. Nc3 {[%clk 01:32:07]} {[%emt 00:00:08]}
h6 {[%clk 01:29:52]} {[%emt 00:00:45]} 6. Be3 {[%clk 01:32:19]} {[%emt
00:00:20]} Bxe3 {[%clk 01:29:16]} {[%emt 00:01:05]} 7. fxe3 {[%emt 00:00:14]}
d6 {[%clk 01:28:21]} {[%emt 00:01:16]} 8. h3 {[%clk 01:33:02]} {[%emt
00:00:11]} Na5 {[%clk 01:23:45]} {[%emt 00:05:07]} 9. Bb5+ {[%clk 01:31:33]}
{[%emt 00:01:58]} Bd7 {[%clk 01:23:39]} {[%emt 00:00:37]} 10. Bxd7+ {[%clk
01:31:45]} {[%emt 00:00:18]} Qxd7 {[%clk 01:23:54]} {[%emt 00:00:15]} 11. Qd2
{[%clk 01:31:02]} {[%emt 00:01:12]} Nc6 {[%clk 01:23:47]} {[%emt 00:00:38]} 12.
d4 {[%clk 01:24:47]} {[%emt 00:06:46]} O-O-O {[%clk 01:22:00]} {[%emt
00:02:16]} 13. O-O-O {[%clk 01:18:07]} {[%emt 00:07:09]} g5 {[%clk 01:20:26]}
{[%emt 00:02:04]} 14. g4 {[%clk 01:17:13]} {[%emt 00:01:25]} Rhe8 {[%clk
01:19:56]} {[%emt 00:01:00]} 15. Rhe1 {[%clk 01:10:20]} {[%emt 00:07:22]} Kb8
{[%clk 01:18:24]} {[%emt 00:02:02]} 16. Qf2 {[%clk 01:07:34]} {[%emt 00:03:17]}
Qe7 {[%clk 01:13:36]} {[%emt 00:05:17]} 17. Qd2 {[%clk 01:05:47]} {[%emt
00:02:14]} Qd7 {[%clk 01:11:36]} {[%emt 00:02:32]} 18. a3 {[%clk 01:02:58]}
{[%emt 00:03:20]} a6 {[%clk 01:09:00]} {[%emt 00:03:01]} 19. Qd3 {[%clk
01:01:21]} {[%emt 00:02:11]} Na7 {[%clk 01:08:18]} {[%emt 00:01:12]} 20. Rd2
{[%clk 01:00:07]} {[%emt 00:01:45]} Nc6 {[%clk 01:07:11]} {[%emt 00:01:36]} 21.
Red1 {[%clk 00:59:32]} {[%emt 00:01:06]} Kc8 {[%clk 01:06:39]} {[%emt
00:01:02]} 22. Rf1 {[%clk 00:57:32]} {[%emt 00:02:29]} Qe7 {[%clk 01:05:37]}
{[%emt 00:01:32]} 23. Rdf2 {[%clk 00:55:52]} {[%emt 00:02:10]} Rf8 {[%clk
01:03:57]} {[%emt 00:02:12]} 24. d5 {[%clk 00:51:21]} {[%emt 00:05:01]} Nb8
{[%clk 01:03:49]} {[%emt 00:00:38]} 25. Nxe5 {[%clk 00:49:14]} {[%emt
00:02:36]} Nbd7 {[%clk 01:00:47]} {[%emt 00:03:32]} 26. Nxd7 {[%clk 00:47:20]}
{[%emt 00:02:24]} Nxd7 {[%clk 01:01:06]} {[%emt 00:00:11]} 27. Qd4 {[%clk
00:46:40]} {[%emt 00:01:10]} Kb8 {[%clk 00:58:20]} {[%emt 00:03:16]} 28. Qg7
{[%clk 00:44:46]} {[%emt 00:02:22]} Nc5 {[%clk 00:57:37]} {[%emt 00:01:15]} 29.
Rxf7 {[%clk 00:44:26]} {[%emt 00:00:50]} Rxf7 {[%clk 00:57:39]} {[%emt
00:00:28]} 30. Rxf7 {[%clk 00:44:15]} {[%emt 00:00:41]} Qe8 {[%clk 00:57:28]}
{[%emt 00:00:41]} 31. Re7 {[%clk 00:44:01]} {[%emt 00:00:43]} Qf8 {[%clk
00:57:25]} {[%emt 00:00:33]} 32. Qf7 {[%clk 00:43:15]} {[%emt 00:01:14]} Kc8
{[%clk 00:57:26]} {[%emt 00:00:30]} 33. Rxc7+ {[%clk 00:43:10]} {[%emt
00:00:34]} Kb8 {[%clk 00:56:23]} {[%emt 00:01:33]} 34. b4 {[%clk 00:41:05]}
{[%emt 00:02:36]} Qxf7 {[%clk 00:56:30]} {[%emt 00:00:23]} 35. Rxf7 {[%clk
00:41:27]} {[%emt 00:00:09]} Nd7 {[%clk 00:56:47]} {[%emt 00:00:12]} 36. Rh7
{[%clk 00:41:42]} {[%emt 00:00:14]} Ne5 {[%clk 00:56:27]} {[%emt 00:00:51]} 37.
Rxh6 {[%clk 00:41:25]} {[%emt 00:00:47]} Nc4 {[%clk 00:55:39]} {[%emt
00:01:17]} 38. a4 {[%clk 00:38:34]} {[%emt 00:03:22]} Nxe3 {[%clk 00:54:42]}
{[%emt 00:01:27]} 39. Kb2 {[%clk 00:37:58]} {[%emt 00:01:06]} Nc4+ {[%clk
00:53:34]} {[%emt 00:01:38]} 40. Ka2 {[%clk 00:38:02]} {[%emt 00:00:26]} Ne3
{[%clk 00:53:34]} {[%emt 00:00:29]} 41. Kb3 {[%clk 00:38:15]} {[%emt 00:00:17]}
Kc7 {[%clk 00:52:51]} {[%emt 00:01:13]} 42. Rg6 {[%clk 00:36:01]} {[%emt
00:02:41]} Ng2 {[%clk 00:51:06]} {[%emt 00:02:18]} 43. Rxg5 {[%clk 00:34:32]}
{[%emt 00:01:59]} Nf4 {[%clk 00:50:49]} {[%emt 00:00:46]} 44. h4 {[%clk
00:29:51]} {[%emt 00:05:12]} 1-0

[Event "DEM U10 2025"]
[Site "Willingen GER"]
[Date "2025.06.14"]
[Round "9"]
[White "Schubert, Anton"]
[Black "Üstüntas, Nadir"]
[Result "1-0"]
[Termination "normal"]
[Board "29"]
[WhiteElo "1039"]
[BlackElo "1179"]
[WhiteClock "01:00:42"]
[BlackClock "01:37:09"]
[PlyCount "120"]
[WhiteFideId "533043523"]
[BlackFideId "533004064"]
[EventCountry "GER"]
[EventRounds "9"]
[EventType "swiss"]
[EventDate "2025.06.07"]

1. e4 {[%clk 01:30:58]} {[%emt 00:00:01]} c5 {[%clk 01:30:58]} {[%emt
00:00:03]} 2. Nc3 {[%clk 01:31:11]} {[%emt 00:00:17]} Nc6 {[%clk 01:31:22]}
{[%emt 00:00:05]} 3. f4 {[%clk 01:31:17]} {[%emt 00:00:23]} d6 {[%clk
01:31:41]} {[%emt 00:00:13]} 4. Nf3 {[%clk 01:31:22]} {[%emt 00:00:25]} Bg4
{[%clk 01:32:05]} {[%emt 00:00:07]} 5. g3 {[%clk 01:29:29]} {[%emt 00:02:22]}
g6 {[%clk 01:31:45]} {[%emt 00:00:52]} 6. d3 {[%clk 01:29:04]} {[%emt
00:00:54]} Bg7 {[%clk 01:32:07]} {[%emt 00:00:08]} 7. Bd2 {[%clk 01:28:09]}
{[%emt 00:01:24]} Nf6 {[%clk 01:32:22]} {[%emt 00:00:15]} 8. Bg2 {[%clk
01:28:03]} {[%emt 00:00:36]} e5 {[%clk 01:32:27]} {[%emt 00:00:25]} 9. fxe5
{[%clk 01:25:53]} {[%emt 00:02:41]} Nxe5 {[%clk 01:31:13]} {[%emt 00:01:43]}
10. O-O {[%clk 01:18:39]} {[%emt 00:07:44]} O-O {[%clk 01:31:35]} {[%emt
00:00:09]} 11. Bg5 {[%clk 01:17:22]} {[%emt 00:01:47]} Qb6 {[%clk 01:31:13]}
{[%emt 00:00:46]} 12. Rb1 {[%clk 01:12:31]} {[%emt 00:05:27]} Qc6 {[%clk
01:29:48]} {[%emt 00:01:54]} 13. Rf2 {[%clk 01:08:13]} {[%emt 00:04:49]} Nxf3+
{[%clk 01:27:32]} {[%emt 00:02:45]} 14. Bxf3 {[%clk 01:08:17]} {[%emt
00:00:25]} Bxf3 {[%clk 01:27:42]} {[%emt 00:00:23]} 15. Rxf3 {[%clk 01:08:04]}
{[%emt 00:00:41]} Nd7 {[%clk 01:28:00]} {[%emt 00:00:13]} 16. Nd5 {[%clk
01:06:45]} {[%emt 00:01:49]} Ne5 {[%clk 01:26:06]} {[%emt 00:00:50]} 17. Ne7+
{[%clk 01:06:15]} {[%emt 00:02:34]} Kh8 {[%clk 01:26:22]} {[%emt 00:00:14]} 18.
Nxc6 {[%clk 01:06:31]} {[%emt 00:00:14]} Nxf3+ {[%clk 01:26:46]} {[%emt
00:00:06]} 19. Qxf3 {[%clk 01:06:20]} {[%emt 00:00:38]} bxc6 {[%clk 01:27:13]}
{[%emt 00:00:06]} 20. Bf6 {[%clk 01:06:10]} {[%emt 00:00:40]} Rac8 {[%clk
01:27:22]} {[%emt 00:00:21]} 21. Rf1 {[%clk 01:04:59]} {[%emt 00:01:40]} Rg8
{[%clk 01:27:33]} {[%emt 00:00:21]} 22. Bxg7+ {[%clk 01:04:47]} {[%emt
00:00:41]} Rxg7 {[%clk 01:27:53]} {[%emt 00:00:10]} 23. Qf6 {[%clk 01:03:46]}
{[%emt 00:01:30]} d5 {[%clk 01:28:06]} {[%emt 00:00:19]} 24. exd5 {[%clk
01:03:54]} {[%emt 00:00:22]} cxd5 {[%clk 01:28:26]} {[%emt 00:00:10]} 25. Qe7
{[%clk 01:03:30]} {[%emt 00:00:54]} f5 {[%clk 01:28:35]} {[%emt 00:00:22]} 26.
Qe5 {[%clk 01:02:31]} {[%emt 00:01:26]} d4 {[%clk 01:28:44]} {[%emt 00:00:23]}
27. g4 {[%clk 01:01:00]} {[%emt 00:02:00]} h6 {[%clk 01:27:57]} {[%emt
00:01:17]} 28. gxf5 {[%clk 01:00:36]} {[%emt 00:00:54]} gxf5+ {[%clk 01:28:12]}
{[%emt 00:00:15]} 29. Kh1 {[%clk 01:00:43]} {[%emt 00:00:23]} Rf8 {[%clk
01:28:01]} {[%emt 00:00:41]} 30. Rg1 {[%clk 01:00:46]} {[%emt 00:00:28]} Rff7
{[%clk 01:28:00]} {[%emt 00:00:29]} 31. Rxg7 {[%clk 01:00:58]} {[%emt
00:00:19]} Rxg7 {[%clk 01:28:20]} {[%emt 00:00:10]} 32. Qxf5 {[%clk 01:01:07]}
{[%emt 00:00:22]} Rb7 {[%clk 01:28:33]} {[%emt 00:00:16]} 33. Qe5+ {[%clk
01:00:41]} {[%emt 00:00:56]} Kg8 {[%clk 01:28:49]} {[%emt 00:00:14]} 34. Qd5+
{[%clk 01:00:58]} {[%emt 00:00:14]} Rf7 {[%clk 01:29:12]} {[%emt 00:00:07]} 35.
Qxc5 {[%clk 01:00:53]} {[%emt 00:00:34]} Kg7 {[%clk 01:29:33]} {[%emt
00:00:09]} 36. Qxd4+ {[%clk 01:01:06]} {[%emt 00:00:16]} Kg6 {[%clk 01:29:59]}
{[%emt 00:00:06]} 37. c4 {[%clk 01:00:01]} {[%emt 00:01:34]} Kg5 {[%clk
01:30:24]} {[%emt 00:00:06]} 38. c5 {[%clk 00:59:54]} {[%emt 00:00:37]} Rf4
{[%clk 01:30:34]} {[%emt 00:00:20]} 39. Qe5+ {[%clk 00:59:50]} {[%emt
00:00:33]} Kg4 {[%clk 01:30:53]} {[%emt 00:00:11]} 40. h3+ {[%clk 00:58:27]}
{[%emt 00:01:53]} Kg3 {[%clk 01:31:07]} {[%emt 00:00:15]} 41. Qe3+ {[%clk
00:58:36]} {[%emt 00:00:21]} Rf3 {[%clk 01:31:26]} {[%emt 00:00:12]} 42. Qg1+
{[%clk 00:57:43]} {[%emt 00:01:21]} Kf4 {[%clk 01:31:26]} {[%emt 00:00:32]} 43.
Qg4+ {[%clk 00:57:40]} {[%emt 00:00:32]} Ke3 {[%clk 01:31:48]} {[%emt
00:00:09]} 44. Qxf3+ {[%clk 00:57:49]} {[%emt 00:00:19]} Kxf3 {[%clk 01:32:09]}
{[%emt 00:00:11]} 45. c6 {[%clk 00:58:12]} {[%emt 00:00:08]} Ke3 {[%clk
01:32:19]} {[%emt 00:00:03]} 46. c7 {[%clk 00:58:38]} {[%emt 00:00:20]} a5
{[%clk 01:32:47]} {[%emt 00:00:02]} 47. c8=Q {[%clk 00:58:56]} {[%emt
00:00:12]} Kxd3 {[%clk 01:33:11]} {[%emt 00:00:06]} 48. Qg4 {[%clk 00:58:44]}
{[%emt 00:00:33]} h5 {[%clk 01:33:40]} {[%emt 00:00:10]} 49. Qf4 {[%clk
00:58:54]} {[%emt 00:00:18]} h4 {[%clk 01:34:00]} {[%emt 00:00:11]} 50. Kg2
{[%clk 00:58:47]} {[%emt 00:00:36]} a4 {[%clk 01:34:24]} {[%emt 00:00:07]} 51.
Kf3 {[%clk 00:58:56]} {[%emt 00:00:20]} a3 {[%clk 01:34:47]} {[%emt 00:00:08]}
52. bxa3 {[%clk 00:59:16]} {[%emt 00:00:10]} Kc3 {[%clk 01:35:08]} {[%emt
00:00:10]} 53. Kg4 {[%clk 00:59:31]} {[%emt 00:00:14]} Kb2 {[%clk 01:35:31]}
{[%emt 00:00:08]} 54. Qf3 {[%clk 00:59:44]} {[%emt 00:00:16]} Kxa2 {[%clk
01:35:53]} {[%emt 00:00:08]} 55. Kf4 {[%clk 01:00:03]} {[%emt 00:00:11]} Kb2
{[%clk 01:35:44]} {[%emt 00:00:40]} 56. Ke4 {[%clk 01:00:14]} {[%emt 00:00:18]}
Kc2 {[%clk 01:36:01]} {[%emt 00:00:13]} 57. Kd4 {[%clk 01:00:01]} {[%emt
00:00:43]} Kb2 {[%clk 01:36:22]} {[%emt 00:00:10]} 58. Kc4 {[%clk 01:00:13]}
{[%emt 00:00:17]} Ka2 {[%clk 01:36:46]} {[%emt 00:00:07]} 59. Kb4 {[%clk
01:00:25]} {[%emt 00:00:18]} Kb2 {[%clk 01:37:09]} {[%emt 00:00:07]} 60. Qf2+
{[%clk 01:00:42]} {[%emt 00:00:12]} Kc1 {[%emt 00:02:25]} 1-0